Connell- Conan Gray (Lyrics) - Statistics

General Stats
  • This quiz has been taken 56 times
  • The average score is 216 of 242
Answer Stats
Part Lyrics % Correct
Outro Connell
100%
Verse 1 | Verse 2 I
100%
me
100%
my
100%
you
100%
You
100%
a
96%
And
96%
and
96%
of
96%
the
96%
at
92%
father
92%
girl
92%
her
92%
how
92%
in
92%
is
92%
know
92%
meet
92%
remind
92%
So
92%
to
92%
To
92%
was
92%
we
92%
what
92%
when
92%
But
88%
but
88%
dad
88%
damn
88%
dark
88%
deep
88%
fault
88%
feels
88%
fucking
88%
ghost
88%
good
88%
head
88%
heart
88%
it
88%
Kissing
88%
mom
88%
never
88%
not
88%
own
88%
pain
88%
photograph
88%
saw
88%
Chorus Skipping
88%
stones
88%
were
88%
window
88%
with
88%
words
88%
your
88%
back
85%
be
85%
deserve
85%
earned
85%
(Earned)
85%
hand
85%
hurt
85%
inside
85%
it's
85%
laugh
85%
little
85%
outside
85%
sheets
85%
slurring
85%
some
85%
Spent
85%
summer
85%
that
85%
That
85%
type
85%
unwashed
85%
Yeah
85%
you're
85%
almost
81%
apart
81%
better
81%
bones
81%
break
81%
brunette
81%
end?
81%
ever
81%
everything
81%
from
81%
I'd
81%
I'm
81%
London
81%
meant
81%
need
81%
small
81%
streets
81%
Texas
81%
things
81%
trying
81%
victim
81%
again
77%
knew
77%
shit
77%
skies
77%
that's
77%
thoughts
77%
Who's
77%
worst
77%
dead
73%
dumb
73%
hurled
73%
Validate
73%
weren't
73%
worth
73%
months
69%
think
69%
ah
54%
Down
54%
No matching quizzes found
Score Distribution
Percent of People with Each Score
Percentile by Number Answered
Your Score History
You have not taken this quiz